| 000 | 00960nas a2200301 4500 | ||
|---|---|---|---|
| 001 | BR2013002856 | ||
| 003 | BR-BrBNA | ||
| 005 | 20231205122155.0 | ||
| 007 | ta | ||
| 008 | 230509b bl.|||p| |||| 00| 00por d | ||
| 040 |
_aBR-BrBNA _bpor _cBiblioteca Nacional de Agricultura |
||
| 041 | _a(Pt) | ||
| 072 | _aF30; F63 | ||
| 100 | 1 | _aWeiler, R.L. | |
| 100 | 1 | _aBrugnara, E.C. | |
| 100 | 1 | _aGuerra, D. | |
| 100 | 1 | _aWittmann, M.T.S. | |
| 100 | 1 | _aSchwarz, S.F. | |
| 245 | 1 | _aCaracterização morfológica, determinação do nível de ploidia e viabilidade do pólen de uma progênie de tangerineira 'Clementina Fina' e 'Montenegrina' | |
| 650 | _aTANGERINA | ||
| 650 | _aPROGÊNIE | ||
| 650 | _aPÓLEN | ||
| 650 | _aCRUZAMENTO VEGETAL | ||
| 650 | _aCITOGENÉTICA VEGETAL | ||
| 773 | 0 |
_tBragantia (Brazil) _xISSN 0006-8705 _g(jul-sep 2011), v. 70(3) p. 502-511 _wBR2013002856 |
|
| 909 |
_a202311 _bLúcia _c55 _dLúcia Elande |
||
| 942 |
_2AGRIS _n0 _cANA |
||
| 999 |
_c227286 _d227286 |
||